Viaje apostólico a Nigeria, Benín, Gabón, Guinea Ecuatorial : 12-19 de febrero de 1982 /

Đã lưu trong:
Chi tiết về thư mục
Tác giả của công ty: Iglesia Católica. Papa (1978-2005 : Juan Pablo II)
Tác giả khác: Calderón, Cipriano (presentación) (presentación)
Định dạng: Sách
Ngôn ngữ:Tiếng Tây Ban Nha
Được phát hành: Madrid, España : Ciudad del Vaticano : Editorial Católica ; Libreria Editrice Vaticana, 1982, c1982
Loạt:(Biblioteca de Autores Cristianos Popular ; 42)
Những chủ đề:
Các nhãn: Thêm thẻ
Không có thẻ, Là người đầu tiên thẻ bản ghi này!

MARC

LEADER 00000nam^a2200000^a^4500
001 000185941
005 20250521000000.0
009 20260310102209.125
020 |a 84-220-1047-X 
037 |a Acervo ITESO - Biblioteca 
041 |a ESP 
082 |a 200.  |b BAC POP V. 42 
110 |a Iglesia Católica.  |b Papa (1978-2005 : Juan Pablo II) 
245 1 0 |a Viaje apostólico a Nigeria, Benín, Gabón, Guinea Ecuatorial :  |b 12-19 de febrero de 1982 /  |c Juan Pablo II ; presen. de C. Calderón. 
264 4 |a Madrid, España :  |b Editorial Católica ;  |a Ciudad del Vaticano :  |b Libreria Editrice Vaticana,  |c 1982, c1982 
300 |a XII, 179 p. 
336 |a texto  |b txt  |2 rdacontenido 
337 |a sin mediación  |b n  |2 rdamedio 
338 |a volumen  |b nc  |2 rdasoporte 
440 1 |a (Biblioteca de Autores Cristianos Popular ;  |v 42) 
649 |a XX 
650 |a Visitas Papales -  |z Africa -  |x Tema Principal 
650 |a Visitas Pastorales -  |z Africa 
650 |a Visitas de Estado -  |z Africa 
650 |a Evangelización -  |z Africa 
650 |a Iglesia Católica en Africa 
650 |a Iglesia Católica -  |x Historia -  |y Papa, 1978-2005 (San Juan Pablo II) -  |x Tema Principal 
650 |a Iglesia Católica -  |x Historia -  |y Siglo XX 
650 |a Cristianismo 
650 |a Catolicismo 
650 |a Religión 
700 |a Calderón, Cipriano  |e (presentación) 
910 |a Fondo General 
920 |a Impresos - Libros 
930 |a Colección General 
905 |a 101 
901 |a 0500127440  |b IT1  |c ACC  |u 20250521 
902 |a https://opac.biblio.iteso.mx/vufind/Record/000185941